00665 a2200193 4500003000400000005001700004008004100021020001800062040000900080082002000089100002900109245006200138250001200200260004500212300001000257942004600267952014100313999001700454OSt20231215103659.0231215b |||||||| |||| 00| 0 eng d a9789384638825 coclc a894.8128bELA/A aElayidam, Sunil P 93291 aAparathe thodumbol /cSunil P. Ilayidam and Rafiq Ibrahim a1st ed. aKozhikode:bProgress Publication,c2018. a194p. 2ddccBKh894.8128iELA/Ak894.8128mELA/A 00102ddc40708MISCELLANEOUSaMESbMEScMALd2023-12-15l0o894.8128 ELA/Ap43528r2023-12-15 09:56:10v210.00w2023-12-15yBKzGR33R1 c44142d44142